000 00586nam a2200181Ia 4500
008 090124s9999 xx 000 0 und d
082 _b15206
100 _aवालावलकर सी.पु.
245 _a लव्हस्टोरी
250 _a0
260 _bभगवानदास हिरजी प्रकाशन
_c1982
300 _a206
600 _aवालावलकर सी.पु.
630 _a लव्हस्टोरी
700 _aवालावलकर सी.पु.
730 _a लव्हस्टोरी
942 _cBOOK
999 _c88209
_d88209